Itinerarios transculturales

I tiakina i:
Ngā taipitopito rārangi puna kōrero
Kaituhi matua: Clifford, James (Author)
Hōputu: Pukapuka
Reo:Pāniora
I whakaputaina: Barcelona Gedisa 1999
Putanga:1a. ed
Rangatū:Antropología y Etnografía
Ngā marau:
Ngā Tūtohu: Tāpirihia he Tūtohu
Kāore He Tūtohu, Me noho koe te mea tuatahi ki te tūtohu i tēnei pūkete!

MARC

LEADER 00000cam a2200000 a 4500
001 UCC2518
003 CL-VaPUC
008 180309e19990000sp |||||||||||||||||spa|d
020 |a 9788474326475 
082 0 4 |a 301  |b CLI  |2 21 
100 0 |a Clifford, James  |e author  |9 596577 
245 1 0 |a Itinerarios transculturales 
250 |a 1a. ed 
300 |a 493 p 
942 |c BK 
945 |d 20180309 22:06:00  |a dcastane 
260 |a Barcelona  |b Gedisa  |c 1999 
650 0 |a Antropología   |9 233030 
650 0 |a Antropología cultural y social   |9 265143 
650 0 |a Etnografía   |9 309735 
583 |a last modification  |c 20180309 22:06:00  |k Rodrigo Vera 
490 0 |a Antropología y Etnografía 
999 |c 370600  |d 370598 
952 |0 0  |1 0  |3 erb  |4 0  |6 301_000000000000000_CLI_1999  |7 0  |8 A  |9 487142  |a BIBEDU  |b BIBEDU  |i 5452724  |o 301 CLI 1999  |p 5452724  |r 2019-11-24  |w 2019-11-24  |y BK  |z Catalogado en:20180309  |k LIT